000 00634nam a2200181 i 4500
001 100684
003 ES-MaACL
005 20230906182726.0
007 t|
008 051004s1968 sp ||||1| spa d
100 1 _aMateos Melón, Eliseo.
_978989
245 1 0 _aTecnologia. Rama electrica, Tercer curso del Grado de Maestria Industrial /
_cEliseo Mateos Melón.
260 _aLeón :
_bEverest,
_c1968.
300 _a1 t. en 1 v. :
_bil. ;
_c21 cm.
500 _aEs el v. II: Segunda parte. Especialidad instalador-montador 2 h., p. 197-379. 2 h.
650 4 _aPráctica de taller.
_916334
852 _aES-MaACL
_jP-1339
_bR.67302
999 _c100684
_d100684